| 000 | 00383nam a2200169Ia 4500 | ||
|---|---|---|---|
| 005 | 20240823043914.0 | ||
| 008 | 240823s9999||||xx |||||||||||||| ||und|| | ||
| 041 | _aTAMIL | ||
| 082 | _A371.94 P3 | ||
| 100 | _aSri kumar S | ||
| 245 | 0 | _aMoliyum Samoogamum | |
| 250 | _a1st | ||
| 260 | _bsri senpaga Pathi | ||
| 500 | _aTRANSFERED | ||
| 650 |
_aGeneral _bGeneral |
||
| 942 | _cBK | ||
| 999 |
_c211314 _d211314 |
||